| 000 | 00291 a2200109 4500 | ||
|---|---|---|---|
| 001 | 64690 | ||
| 082 | _a515.353 DUC | ||
| 090 |
_c38273 _d38273 |
||
| 100 | _aDuchasteau, Paul | ||
| 245 | _aTheory and problems of Partial Differential Equations | ||
| 260 |
_aN.Y _bSchaum's Series McGraw Hill |
||
| 942 |
_aNUST-CAE _k515.353 DUC |
||
| 999 |
_c299763 _d299763 |
||